| 000 | 00827nam a2200217 i 4500 | ||
|---|---|---|---|
| 001 | 69438 | ||
| 003 | ES-MaACL | ||
| 005 | 20250728062604.0 | ||
| 007 | t| | ||
| 008 | 040706s1977 sp ||||1| spa d | ||
| 100 | 1 |
_aGarcía Canales, M. _954328 |
|
| 245 | 1 | 3 |
_aLa teoría de la representación en la España del siglo XX _b: (de la crisis de la restauración a 1936) / _cM. García Canales. |
| 260 |
_aMurcia : _bUniversidad de Murcia, Departamento de Derecho Político, _c1977. |
||
| 300 |
_a300 p. ; _c22 cm. |
||
| 490 | 1 |
_aMonografías ; _v2 |
|
| 710 | 2 |
_aUniversidad de Murcia. _bDepartamento de Derecho Político. _97232 |
|
| 830 | 0 | 0 |
_aMonografías (Centro de Estudios Benaventanos "Ledo del Pozo") _v2 _9177262 |
| 852 |
_aES-MaACL _jA-8012 _bR.97306 |
||
| 852 |
_aES-MaACL _jA-8421 _bR.97142 |
||
| 999 |
_c69438 _d69438 |
||